[Event "5th Pontevedra Open 2017"]
[Site "Pontevedra"]
[Date "2017.08.14"]
[Round "9"]
[White "Espineira Gonzalez, Diego"]
[Black "Burmakin, Vladimir"]
[Result "1/2-1/2"]
[WhiteElo "2368"]
[BlackElo "2520"]
[Annotator "TA"]
[EventDate "2017.??.??"]
[PlyCount "195"]
[EventCountry "ESP"]

1. e4 c6 2. d4 d5 3. Nd2 g6 4. h3 Bg7 5. Ngf3 Nf6 6. Bd3 dxe4 7. Nxe4 Nxe4
8. Bxe4 Bf5 9. Bxf5 Qa5+ 10. c3 Qxf5 11. O-O O-O 12. Re1 Qd7 13. Qb3 e6 14.
Bf4 Na6 15. Rad1 Rfd8 16. Rd2 Qc8 17. Ng5 Rd5 18. Ne4 b5 19. Qa3 Nc7 20.
Qe7 Ne8 21. Be5 Qd8 22. Qxd8 Raxd8 23. Bxg7 Kxg7 24. Rde2 Nf6 25. Nc5 Nd7
26. Nd3 c5 27. Nxc5 Nxc5 28. dxc5 Rxc5 29. Kf1 a6 30. Ra1 Rcd5 31. a4 Rd1+
32. Re1 Rxa1 33. Rxa1 Rd2 34. b4 Rc2 35. axb5 axb5 36. Ra5 Rxc3 37. Rxb5
Rc2 38. Rb7 Rb2 39. h4 h6 40. b5 g5 41. hxg5 hxg5 42. b6 Kg6 43. g3 g4 44.
Kg2 f5 45. Rb8 Kf6 46. Rb7 Ke5 47. Rb8 Ke4 48. Rb7 Kd5 49. Rb8 Kc6 50. Re8
Kd7 51. Rb8 Rb1 52. Kh2 Rb5 53. Kg2 Kc6 54. Re8 Re5 55. Rb8 Re1 56. Kh2 Kb5
57. Kg2 Ka6 58. b7 Ka7 59. Rc8 Kxb7 60. Rc2 Kb6 61. Rc8 Re5 62. Rc2 Rc5 63.
Re2 e5 64. Ra2 Kc6 65. Rb2 Kd5 66. Ra2 Rc6 67. Rb2 Ke6 68. Ra2 Kf6 69. Rb2
Rc5 70. Ra2 Rc1 71. Ra8 Ke6 72. Re8+ Kd5 73. Rf8 Ke4 74. Rf7 Rc3 75. Rf8
Rf3 76. Rd8 Rd3 77. Rf8 Rd6 78. Rf7 Rh6 79. Rf8 Rh5 80. Rd8 Rg5 81. Rd7 Rg8
82. Rf7 Ra8 83. Rf6 Ra7 84. Rf8 Ra2 85. Rf7 f4 86. gxf4 exf4 87. Re7+ Kf5
88. Kg1 Ra1+ 89. Kh2 Ra2 90. Kg1 Rb2 91. Re8 Rc2 92. f3 gxf3 93. Kf1 f2 94.
Rf8+ Kg4 95. Rg8+ Kf5 96. Ra8 Rb2 97. Ra5+ Kg4 98. Ra3 1/2-1/2

[Event "5th Pontevedra Open 2017"]
[Site "Pontevedra"]
[Date "2017.08.14"]
[Round "9"]
[White "Estremera Panos, Sergio"]
[Black "Lazarev, Vladimir"]
[Result "0-1"]
[WhiteElo "2362"]
[BlackElo "2418"]
[Annotator "TA"]
[EventDate "2017.??.??"]
[PlyCount "99"]
[EventCountry "ESP"]

1. d4 Nf6 2. c4 e6 3. Nf3 d5 4. Nc3 dxc4 5. e3 a6 6. a4 b6 7. Bxc4 Bb7 8.
O-O Bb4 9. Qe2 Nbd7 10. Rd1 O-O 11. Ne1 c5 12. Nc2 Ba5 13. dxc5 bxc5 14. f3
Qb8 15. e4 Bc7 16. g3 Ne5 17. f4 Nxc4 18. Qxc4 Bc6 19. Ne3 Qb7 20. e5 Nd7
21. b3 Rfc8 22. a5 Rcb8 23. Ra3 Qc8 24. Nc2 Qb7 25. Ne3 Qa7 26. Nc2 Rd8 27.
Be3 Qb7 28. Raa1 Rab8 29. Ra3 Bh1 30. Qf1 h5 31. h4 Bc6 32. Qc4 Bh1 33. Qf1
Rbc8 34. Kh2 Bf3 35. Rd2 Nf8 36. Rf2 Bg4 37. Qc4 Bb8 38. Ra1 Bf5 39. Ne1
Rd4 40. Qf1 Rb4 41. Na4 Nd7 42. Rc1 c4 43. Nb6 Nxb6 44. Bxb6 cxb3 45. Rxc8+
Qxc8 46. Rb2 Bc7 47. Nd3 Rb5 48. Nc1 Bxb6 49. axb6 Qc3 50. Qxb5 0-1

[Event "5th Pontevedra Open 2017"]
[Site "Pontevedra"]
[Date "2017.08.14"]
[Round "9"]
[White "Sanchez Aller, Fernando"]
[Black "Pap, Misa"]
[Result "1/2-1/2"]
[WhiteElo "2337"]
[BlackElo "2491"]
[Annotator "TA"]
[EventDate "2017.??.??"]
[PlyCount "151"]
[EventCountry "ESP"]

1. e4 e5 2. Nf3 Nc6 3. Bb5 a6 4. Ba4 Nf6 5. O-O b5 6. Bb3 Bb7 7. d3 Bd6 8.
c3 O-O 9. Re1 Na5 10. Bc2 Re8 11. Nbd2 Bf8 12. d4 d6 13. b4 Nc6 14. d5 Ne7
15. Nb3 h6 16. Na5 Bc6 17. a4 Bd7 18. c4 c6 19. Bd3 cxd5 20. cxd5 Nexd5 21.
exd5 e4 22. Bc2 exf3 23. Rxe8 Qxe8 24. Bb2 Qe2 25. Bxf6 gxf6 26. gxf3 Qxd1+
27. Rxd1 Rc8 28. Bd3 bxa4 29. Bxa6 Rc2 30. Ra1 f5 31. b5 Bxb5 32. Bxb5 Rc5
33. Bc6 Rxa5 34. Rxa4 Rc5 35. Rf4 Bg7 36. Rxf5 Be5 37. f4 Bd4 38. Rh5 Kg7
39. Rh3 Rc2 40. Rf3 Kf6 41. Kg2 Bc5 42. Bb5 Rd2 43. Bd3 Bxf2 44. Kf1 Bc5
45. Be2 Rxd5 46. Rd3 Rf5 47. Kg2 d5 48. h3 h5 49. Bf3 Ke6 50. Rd1 Be3 51.
Ra1 Bxf4 52. Ra8 Rg5+ 53. Kf2 h4 54. Ra5 Bc7 55. Ra6+ Ke5 56. Ke2 Bd6 57.
Ra4 Ke6 58. Rxh4 Re5+ 59. Kd3 Bc5 60. Rh6+ Ke7 61. Kc2 Rf5 62. Bg4 Rf2+ 63.
Kd3 f5 64. Be2 f4 65. Rh7+ Kd6 66. Rh6+ Kc7 67. Rh7+ Kc6 68. Rf7 Bd6 69.
Rf5 Bc5 70. h4 Be3 71. h5 Rh2 72. h6 Rxh6 73. Bf3 Rd6 74. Rxd5 Rxd5+ 75.
Kc4 Kd6 76. Bxd5 1/2-1/2

[Event "5th Pontevedra Open 2017"]
[Site "Pontevedra"]
[Date "2017.08.14"]
[Round "9"]
[White "Ambartsumova, Karina"]
[Black "Sousa, Andre Ventura"]
[Result "1/2-1/2"]
[WhiteElo "2325"]
[BlackElo "2385"]
[Annotator "TA"]
[EventDate "2017.??.??"]
[PlyCount "100"]
[EventCountry "ESP"]

1. d4 d5 2. Nf3 Nf6 3. c4 e6 4. Nc3 Bb4 5. Qa4+ Nc6 6. e3 O-O 7. Bd3 Ne4 8.
Qc2 f5 9. a3 Bxc3+ 10. bxc3 Na5 11. Ne5 b6 12. O-O Ba6 13. cxd5 Bxd3 14.
Qxd3 exd5 15. c4 c5 16. f3 Nf6 17. Bb2 Qc8 18. Rac1 dxc4 19. Nxc4 Qa6 20.
Qxf5 Nb3 21. Rc2 b5 22. Ne5 c4 23. g4 Nd5 24. Qe4 Rad8 25. Re1 Kh8 26. g5
Qa5 27. Rd1 Qb6 28. g6 Nf6 29. Qh4 Kg8 30. Rg2 h6 31. Nf7 Rd5 32. Bc3 Rh5
33. Qg3 Nd5 34. Qe1 Qf6 35. Ne5 Rg5 36. f4 Rxg2+ 37. Kxg2 Qf5 38. Bb4 Qe4+
39. Kf2 Rf5 40. Qe2 a5 41. Bd2 Qc2 42. Qf3 Nc3 43. Nf7 Ne4+ 44. Kg1 Nbxd2
45. Rxd2 Qxd2 46. Qxe4 Qe1+ 47. Kg2 Rxf7 48. Qe6 Qe2+ 49. Kg1 Qe1+ 50. Kg2
Qe2+ 1/2-1/2